书目信息 |
| 题名: |
科技文献检索与论文写作
|
|
| 作者: | 郝建华 , 韩晓磊 主编 | |
| 分册: | ||
| 出版信息: | 南京 南京大学出版社 2016 |
|
| 页数: | 192页 | |
| 开本: | 26cm | |
| 丛书名: | 地方应用型本科教学内涵建设成果系列丛书 | |
| 单 册: | ||
| 中图分类: | G254.97 , H152.2 | |
| 科图分类: | ||
| 主题词: | 科技情报--ke ji qing bao--信息检索--高等学校--教材 , 科学技术--ke xue ji shu--论文--写作--高等学校--教材 | |
| 电子资源: | ||
| ISBN: | 978-7-305-17931-0 | |
| 000 | 01196nam0 22002891 450 | |
| 001 | 1754566293 | |
| 005 | 20170516112211.0 | |
| 010 | @a978-7-305-17931-0@dCNY29.80 | |
| 100 | @a20170314d2016 em y0chiy50 ea | |
| 101 | 0 | @achi |
| 102 | @aCN@b320000 | |
| 105 | @ay z 001yy | |
| 106 | @ar | |
| 200 | 1 | @a科技文献检索与论文写作@9ke ji wen xian jian suo yu lun wen xie zuo@f郝建华,韩晓磊主编 |
| 210 | @a南京@c南京大学出版社@d2016 | |
| 215 | @a192页@d26cm | |
| 225 | 2 | @a地方应用型本科教学内涵建设成果系列丛书@9di fang ying yong xing ben ke jiao xue nei han jian she cheng guo xi lie cong shu |
| 330 | @a本书分10章,主要内容包括文献类型与图书馆中的专业文献资源、国内重要专业文献资源检索、国外重要专业文献资源检索、网络文献信息资源的获取、科技论文格式规范和写作要求、文献综述的写作等。 | |
| 461 | 0 | @12001 @a地方应用型本科教学内涵建设成果系列丛书 |
| 606 | 0 | @a科技情报@9ke ji qing bao@x信息检索@x高等学校@j教材 |
| 606 | 0 | @a科学技术@9ke xue ji shu@x论文@x写作@x高等学校@j教材 |
| 690 | @aG254.97@v5 | |
| 690 | @aH152.2@v5 | |
| 701 | 0 | @a郝建华@9hao jian hua@4主编 |
| 701 | 0 | @a韩晓磊@9han xiao lei@4主编 |
| 801 | 0 | @aCN@b百万庄@c20170513 |
| 905 | @b1006848-53@dG254.97@e133@f6 | |
| 科技文献检索与论文写作/郝建华,韩晓磊主编.-南京:南京大学出版社,2016 |
| 192页;26cm.-(地方应用型本科教学内涵建设成果系列丛书) |
| ISBN 978-7-305-17931-0:CNY29.80 |
| 本书分10章,主要内容包括文献类型与图书馆中的专业文献资源、国内重要专业文献资源检索、国外重要专业文献资源检索、网络文献信息资源的获取、科技论文格式规范和写作要求、文献综述的写作等。 |
| ● |
| 相关链接 |
|
|
|
|
正题名:科技文献检索与论文写作
索取号:G254.97/133
 
预约/预借
| 序号 | 登录号 | 条形码 | 馆藏地/架位号 | 状态 | 备注 |
| 1 | 1006848 | 210068488 | 第一样本阅览室/ [索取号:G254.97/133] | 在馆 | |
| 2 | 1006849 | 210068497 | 教育系资料室/ [索取号:G254.97/133] | 在馆 | |
| 3 | 1006850 | 210068503 | 教育系资料室/ [索取号:G254.97/133] | 在馆 | |
| 4 | 1006851 | 210068512 | 教育系资料室/ [索取号:G254.97/133] | 在馆 | |
| 5 | 1006852 | 210068521 | 第四借阅区/ [索取号:G254.97/133] | 在馆 | |
| 6 | 1006853 | 210068530 | 第四借阅区/ [索取号:G254.97/133] | 在馆 |